| 000 | 00704cam a2200217 a 4500 | ||
|---|---|---|---|
| 001 | 000018359 | ||
| 005 | 20200929165455.0 | ||
| 008 | 870821s1988 nyu b 001 0 eng d | ||
| 020 | _a0553277758 | ||
| 040 |
_aDO-SdBNP _beng _cLC _dBNPHU |
||
| 082 |
_a613.284 _bC776d |
||
| 100 | 1 |
_aCooper, Kenneth H. _939764 |
|
| 245 | 1 | 4 |
_aDr. Kenneth H. Cooper's preventive medicine program : _bcontrolling cholesterol / _cKenneth H. Cooper. |
| 260 |
_aNew York : _bBantam Books, _c1988. |
||
| 300 |
_ax, 395 p. : _bil. ; _c18 cm. |
||
| 650 | 4 |
_aDieta bajo en colesterol _939765 |
|
| 650 | 4 |
_aDieta baja en grasas _939766 |
|
| 650 | 4 |
_aColesterol _926754 |
|
| 910 | _aCatalogación por derivada / LC | ||
| 049 | _aBNGR | ||
| 999 |
_c17880 _d17880 |
||